000 00730cam a22002294a 4500
001 12285693
005 20250825132239.0
008 010122s2002 maua b 001 0 eng
020 _a0618122974
_qannotated instructor's ed.
020 _a9780618122974
_q(annotated instructor's ed.)
050 0 0 _aBF121
_b.E83 2002
082 0 0 _a150
_221
245 0 0 _aEssentials of psychology /
_cDouglas Bernstein ... [et al.].
250 _a2nd ed.
260 _aBoston :
_bHoughton Mifflin,
_cc2002.
300 _axxvii, 531, 88 p. :
_bill. (some col.) ;
_c28 cm.
500 _a"Annotated instructor's ed."
500 _aRev. ed. of: Psychology. c2000.
650 0 _aPsychology.
700 1 _aBernstein, Douglas A.
942 _2lcc
_cBK
_n0
999 _c7368
_d7368